[Event "Glorney Cup"]
[Site "Pontypridd"]
[Date "2010.07.23"]
[Round "5.5"]
[White "Woods, Connor"]
[Black "Rabbitte, Michael J"]
[Result "1/2-1/2"]
[WhiteElo "2008"]
[BlackElo "1959"]
[PlyCount "76"]
[EventDate "2010.07.21"]
[EventType "team-tourn"]
[EventRounds "6"]
[EventCountry "WLS"]
[SourceTitle "EXT 2017"]
[Source "ChessBase"]
[SourceDate "2016.10.25"]
[SourceVersion "1"]
[SourceVersionDate "2016.10.25"]
[SourceQuality "1"]
[WhiteTeam "Scotland"]
[BlackTeam "England"]
[WhiteTeamCountry "SCO"]
[BlackTeamCountry "ENG"]

1. Nf3 Nf6 2. c4 g6 3. b4 Bg7 4. Bb2 0-0 5. g3 c6 6. Bg2 d5 7. cxd5 cxd5 8. 0-0 Nbd7 9. d3 a5 10. b5 a4 11. Na3 Nc5 12. Rc1 Ne6 13. Qd2 Qd6 14. Nc2 Qb6 15. Qb4 Bd7 16. Na3 Qa5 17. Bc3 Qxb4 18. Bxb4 Rfe8 19. Rc2 g5 20. e3 Ng4 21. d4 Rac8 22. Rxc8 Rxc8 23. Bxe7 Bf8 24. Bxf8 Kxf8 25. h3 Nf6 26. Ne5 Ke7 27. Nxd7 Kxd7 28. b6 Rc3 29. Nb5 Rc2 30. a3 Rc6 31. g4 Rxb6 32. Nc3 Kd6 33. Rc1 Rc6 34. Nb5+ Kd7 35. Rd1 Nc7 36. Bf1 Ne4 37. Nxc7 Kxc7 38. Bd3 Nd6 1/2-1/2

[Event "Benidorm op U2000 08th"]
[Site "Benidorm"]
[Date "2009.12.04"]
[Round "7"]
[White "Montiel Miguelez, Manuel"]
[Black "Woods, Connor"]
[Result "1-0"]
[WhiteElo "1970"]
[BlackElo "1996"]
[PlyCount "59"]
[EventDate "2009.11.28"]
[EventType "swiss"]
[EventRounds "10"]
[EventCountry "ESP"]
[SourceTitle "CBM 133 Extra"]
[Source "ChessBase"]
[SourceDate "2010.01.05"]
[SourceVersion "1"]
[SourceVersionDate "2010.01.05"]
[SourceQuality "1"]

1. e4 c5 2. Nf3 d6 3. d4 cxd4 4. Nxd4 Nf6 5. Nc3 g6 6. Be2 Bg7 7. Be3 Nc6 8. 0-0 0-0 9. Nb3 Be6 10. f4 Qc8 11. Bf3 Ng4 12. Bxg4 Bxg4 13. Qd2 Be6 14. Nd4 Bc4 15. Rf3 Nxd4 16. Bxd4 e5 17. Be3 exf4 18. Bxf4 d5 19. exd5 Rd8 20. d6 Qc5+ 21. Kh1 Rac8 22. Rd1 Rc6 23. Ne4 Qb5 24. Bg5 Rd7 25. Nf6+ Bxf6 26. Bxf6 Qh5 27. Re1 Be6 28. Rh3 Rcxd6 29. Qc3 Rc6 30. Qg3 1-0

[Event "Benidorm op U2000 08th"]
[Site "Benidorm"]
[Date "2009.11.29"]
[Round "2"]
[White "Woods, Connor"]
[Black "Diez Jover, Alberto"]
[Result "1-0"]
[WhiteElo "1996"]
[BlackElo "1894"]
[PlyCount "73"]
[EventDate "2009.11.28"]
[EventType "swiss"]
[EventRounds "10"]
[EventCountry "ESP"]
[SourceTitle "CBM 133 Extra"]
[Source "ChessBase"]
[SourceDate "2010.01.05"]
[SourceVersion "1"]
[SourceVersionDate "2010.01.05"]
[SourceQuality "1"]

1. Nf3 Nf6 2. c4 g6 3. g3 Bg7 4. Bg2 0-0 5. Nc3 d6 6. 0-0 Nbd7 7. Rb1 Re8 8. d3 c6 9. b4 a5 10. b5 c5 11. e4 Rb8 12. h3 b6 13. Nh2 Nf8 14. f4 N6d7 15. Ne2 Ne6 16. g4 Nd4 17. Nf3 e5 18. f5 Rf8 19. Ng3 h6 20. Be3 Nf6 21. Qd2 Kh7 22. Nh2 Ng8 23. Nf3 Nf6 24. Rf2 g5 25. Bxg5 hxg5 26. Nxg5+ Kg8 27. Nf3 Nxf3+ 28. Rxf3 Nh7 29. Nh5 Ng5 30. Rg3 Bh6 31. Kh1 f6 32. h4 Nf7 33. g5 fxg5 34. hxg5 Nxg5 35. f6 Kh7 36. Rf1 Nxe4 37. Bxe4+ 1-0

[Event "Wch U18"]
[Site "Kemer"]
[Date "2009.11.22"]
[Round "11"]
[White "Woods, Connor"]
[Black "Tasdelen, Deniz Murat"]
[Result "0-1"]
[WhiteElo "1996"]
[BlackElo "2058"]
[PlyCount "48"]
[EventDate "2009.11.12"]
[EventType "swiss"]
[EventRounds "11"]
[EventCountry "TUR"]
[SourceTitle "EXT 2010"]
[Source "ChessBase"]
[SourceDate "2010.11.25"]
[SourceVersion "1"]
[SourceVersionDate "2010.11.25"]
[SourceQuality "1"]

1. Nf3 d5 2. c4 c6 3. g3 dxc4 4. Bg2 Bf5 5. 0-0 e6 6. Nc3 Nf6 7. a4 Nbd7 8. b3 cxb3 9. Qxb3 Qb6 10. Qa2 a5 11. Re1 Bc5 12. d4 Bb4 13. Bd2 0-0 14. Qc4 h6 15. Nh4 Bh7 16. h3 Rac8 17. Rab1 Bxb1 18. Rxb1 Qd8 19. e4 e5 20. Nf5 Nb6 21. Qd3 exd4 22. Ne2 Bxd2 23. Qxd2 c5 24. Nf4 Nc4 0-1

[Event "Wch U18"]
[Site "Kemer"]
[Date "2009.11.13"]
[Round "2"]
[White "Poleshchuk, Dmitriy"]
[Black "Woods, Connor"]
[Result "0-1"]
[WhiteElo "2234"]
[BlackElo "1996"]
[PlyCount "54"]
[EventDate "2009.11.12"]
[EventType "swiss"]
[EventRounds "11"]
[EventCountry "TUR"]
[SourceTitle "EXT 2010"]
[Source "ChessBase"]
[SourceDate "2010.11.25"]
[SourceVersion "1"]
[SourceVersionDate "2010.11.25"]
[SourceQuality "1"]

1. e4 c5 2. Nc3 a6 3. Nf3 d6 4. d4 cxd4 5. Nxd4 g6 6. Be3 Nf6 7. f3 Nbd7 8. Qd2 b5 9. a4 b4 10. Nd5 Nxd5 11. exd5 Bb7 12. Nc6 Bxc6 13. dxc6 Nb8 14. Qxb4 Nxc6 15. Qb7 Na5 16. Qd5 e6 17. Qd4 Rg8 18. Qd2 Bg7 19. Rb1 Qc7 20. Kf2 Nc4 21. Bxc4 Qxc4 22. b3 Qc3 23. Qxd6 Rd8 24. Qxa6 Bd4 25. Bxd4 Qxd4+ 26. Kg3 Qe5+ 27. f4 Qe3+ 0-1

[Event "Grangemouth Premier"]
[Site "Grangemouth"]
[Date "2009.09.05"]
[Round "3"]
[White "Farrell, Neil"]
[Black "Woods, Connor"]
[Result "1-0"]
[WhiteElo "2196"]
[BlackElo "1996"]
[PlyCount "55"]
[EventDate "2009.09.04"]
[EventType "swiss"]
[EventRounds "5"]
[EventCountry "SCO"]
[SourceTitle "EXT 2023"]
[Source "ChessBase"]
[SourceDate "2022.10.05"]
[SourceVersion "1"]
[SourceVersionDate "2022.10.05"]
[SourceQuality "1"]

1. d4 Nf6 2. c4 c5 3. d5 b5 4. cxb5 a6 5. e3 axb5 6. Bxb5 Qa5+ 7. Nc3 Bb7 8. Nge2 Nxd5 9. 0-0 Nxc3 10. Nxc3 g6 11. Bc4 Bc6 12. e4 Bg7 13. Nd5 e6 14. Bg5 Bxd5 15. exd5 0-0 16. Re1 h6 17. Bf4 Qb4 18. Qd3 Ra4 19. Rac1 Bxb2 20. Bd2 Qa3 21. Bb3 Rd4 22. Qe3 exd5 23. Qxh6 c4 24. Rc3 Rxd2 25. Rh3 Rc8 26. Qh7+ Kf8 27. Rf3 Rxf2 28. Qxf7# 1-0

[Event "Dundee & Angus op"]
[Site "Dundee"]
[Date "2009.??.??"]
[Round "2"]
[White "Romilly, Peter J"]
[Black "Woods, Connor"]
[Result "1-0"]
[WhiteElo "2226"]
[BlackElo "2042"]
[PlyCount "91"]
[EventDate "2009.10.16"]
[EventType "swiss"]
[EventRounds "5"]
[EventCountry "SCO"]
[SourceTitle "EXT 2017"]
[Source "ChessBase"]
[SourceDate "2016.10.25"]
[SourceVersion "1"]
[SourceVersionDate "2016.10.25"]
[SourceQuality "1"]

1. e4 c5 2. Nf3 d6 3. Bb5+ Bd7 4. Bxd7+ Nxd7 5. 0-0 g6 6. c3 Bg7 7. d4 e6 8. Na3 cxd4 9. cxd4 a6 10. Bf4 Ngf6 11. Nc4 Nxe4 12. Nxd6+ Nxd6 13. Bxd6 Nb6 14. Bc5 Nd5 15. Ne5 Bf8 16. Qf3 Qf6 17. Qg3 Bxc5 18. dxc5 Qe7 19. c6 0-0 20. cxb7 Qxb7 21. b3 Rac8 22. Rac1 Rxc1 23. Rxc1 Rc8 24. Rxc8+ Qxc8 25. Nc4 Qc5 26. Qb8+ Kg7 27. Qe5+ Kg8 28. h4 h5 29. Qb8+ Kg7 30. Qb7 a5 31. Qa6 Qd4 32. Qxa5 Qd1+ 33. Kh2 Qg4 34. g3 Qe2 35. Qd2 Qf1 36. Ne3 Nxe3 37. Qxe3 Qa6 38. a4 Qa5 39. Qd3 Qb4 40. Kg2 e5 41. Qc4 Qb7+ 42. Kg1 Qf3 43. a5 e4 44. a6 Qd1+ 45. Kh2 Qf3 46. Qd4+ 1-0

[Event "Dundee & Angus op"]
[Site "Dundee"]
[Date "2009.??.??"]
[Round "5"]
[White "Woods, Connor"]
[Black "Weir, Gary"]
[Result "1-0"]
[WhiteElo "2042"]
[BlackElo "1838"]
[PlyCount "91"]
[EventDate "2009.10.16"]
[EventType "swiss"]
[EventRounds "5"]
[EventCountry "SCO"]
[SourceTitle "EXT 2017"]
[Source "ChessBase"]
[SourceDate "2016.10.25"]
[SourceVersion "1"]
[SourceVersionDate "2016.10.25"]
[SourceQuality "1"]

1. Nf3 d5 2. c4 e6 3. g3 Nf6 4. d4 Bb4+ 5. Bd2 Bxd2+ 6. Nbxd2 0-0 7. Bg2 Nbd7 8. 0-0 b6 9. Qc2 Bb7 10. cxd5 exd5 11. e3 Rc8 12. Qa4 a6 13. b4 Ne4 14. Nxe4 dxe4 15. Nd2 Nf6 16. Rac1 Qe8 17. Qxe8 Rfxe8 18. Bh3 Rb8 19. Rxc7 Nd5 20. Rcc1 Nxb4 21. a3 Nd5 22. Nc4 Rbd8 23. Rc2 b5 24. Na5 Bc8 25. Bg2 f5 26. Rfc1 Be6 27. Nb7 Rb8 28. Nc5 a5 29. Bf1 Bf7 30. Nd7 Rb7 31. Ne5 Reb8 32. Rc5 a4 33. Nxf7 Kxf7 34. Rxd5 g6 35. Rdc5 Kf6 36. h4 Kg7 37. Rb1 b4 38. Rxb4 Rxb4 39. axb4 Rxb4 40. Ra5 h6 41. Kg2 Kf6 42. Ra6+ Kg7 43. Ra5 Kf6 44. Rb5 Rb3 45. Rxb3 axb3 46. Bc4 1-0

[Event "GBR-ch 95th"]
[Site "Liverpool"]
[Date "2008.08.07"]
[Round "10"]
[White "Jackson, Oliver A"]
[Black "Woods, Connor"]
[Result "1-0"]
[WhiteElo "2221"]
[BlackElo "1934"]
[PlyCount "41"]
[EventDate "2008.07.28"]
[EventType "swiss"]
[EventRounds "11"]
[EventCountry "ENG"]
[SourceTitle "CBM 125 Extra"]
[Source "ChessBase"]
[SourceDate "2008.09.01"]
[SourceVersion "1"]
[SourceVersionDate "2008.09.01"]
[SourceQuality "1"]

1. e4 c5 2. Nc3 a6 3. f4 b5 4. Nf3 Bb7 5. d3 e6 6. Qe2 Be7 7. g3 h5 8. h3 Nh6 9. Bg2 d5 10. 0-0 Nc6 11. Bd2 Qd6 12. Rae1 0-0-0 13. a4 b4 14. Nd1 a5 15. c3 Ba6 16. Ne5 c4 17. exd5 cxd3 18. Qf2 Nb8 19. Ne3 Rd7 20. N5c4 Bxc4 21. Nxc4 1-0

[Event "GBR-ch 95th"]
[Site "Liverpool"]
[Date "2008.08.01"]
[Round "5"]
[White "Woods, Connor"]
[Black "Briscoe, Christopher"]
[Result "0-1"]
[WhiteElo "1934"]
[BlackElo "2232"]
[PlyCount "80"]
[EventDate "2008.07.28"]
[EventType "swiss"]
[EventRounds "11"]
[EventCountry "ENG"]
[SourceTitle "CBM 125 Extra"]
[Source "ChessBase"]
[SourceDate "2008.09.01"]
[SourceVersion "1"]
[SourceVersionDate "2008.09.01"]
[SourceQuality "1"]

1. Nf3 Nf6 2. c4 e6 3. g3 b6 4. Bg2 Bb7 5. 0-0 c5 6. d4 cxd4 7. Qxd4 d6 8. Nc3 a6 9. e4 Be7 10. Rd1 0-0 11. b3 Nbd7 12. Bb2 Qc7 13. Rac1 Rac8 14. h3 Qb8 15. Qe3 b5 16. cxb5 axb5 17. Nd4 b4 18. Nce2 Qa8 19. f3 Rc5 20. g4 g6 21. g5 Nh5 22. f4 e5 23. f5 exd4 24. Qxd4 Re5 25. Rc7 Bxe4 26. Ra7 Qc6 27. Rc1 Qb5 28. Bf1 Bxg5 29. Ng3 Qb6 30. Qxb6 Nxb6 31. Nxh5 gxh5 32. Re1 Ree8 33. Bb5 Ra8 34. h4 Rxa7 35. Rxe4 Re7 36. Rxb4 Be3+ 37. Kg2 Bc5 38. Rf4 Nd5 39. Rf3 Ne3+ 40. Kh3 Ng4 0-1

[Event "GBR-ch 95th"]
[Site "Liverpool"]
[Date "2008.07.30"]
[Round "3"]
[White "Woods, Connor"]
[Black "Rayner, Francis"]
[Result "1/2-1/2"]
[WhiteElo "1934"]
[BlackElo "2207"]
[PlyCount "75"]
[EventDate "2008.07.28"]
[EventType "swiss"]
[EventRounds "11"]
[EventCountry "ENG"]
[SourceTitle "CBM 125 Extra"]
[Source "ChessBase"]
[SourceDate "2008.09.01"]
[SourceVersion "1"]
[SourceVersionDate "2008.09.01"]
[SourceQuality "1"]

1. Nf3 c5 2. c4 Nf6 3. g3 b6 4. Bg2 Bb7 5. 0-0 g6 6. b3 Bg7 7. Bb2 0-0 8. d3 d5 9. cxd5 Bxd5 10. Nbd2 Nc6 11. Nc4 Nd4 12. Ne1 Bxg2 13. Nxg2 Rc8 14. e3 Nc6 15. Qe2 Qc7 16. Rac1 e5 17. e4 Rfd8 18. f4 exf4 19. gxf4 Nd4 20. Qe1 b5 21. Nce3 Qe7 22. Kh1 Nd7 23. Nd5 Qd6 24. Nge3 Re8 25. Qh4 Nb6 26. f5 Nxd5 27. Nxd5 Nxf5 28. Rxf5 Bxb2 29. Rxf7 Kxf7 30. Qxh7+ Ke6 31. Rf1 Rf8 32. Qh3+ Ke5 33. Rg1 Qe6 34. Qg3+ Kd4 35. Qe3+ Ke5 36. Qg3+ Kd4 37. Qe3+ Ke5 38. Qg3+ 1/2-1/2

[Event "Hawick op"]
[Site "Hawick"]
[Date "2008.06.29"]
[Round "5"]
[White "Woods, Connor"]
[Black "Berry, Neil"]
[Result "0-1"]
[WhiteElo "1893"]
[BlackElo "2267"]
[PlyCount "90"]
[EventDate "2008.06.27"]
[EventType "swiss"]
[EventRounds "5"]
[EventCountry "SCO"]
[SourceTitle "EXT 2010"]
[Source "ChessBase"]
[SourceDate "2010.11.25"]
[SourceVersion "1"]
[SourceVersionDate "2010.11.25"]
[SourceQuality "1"]

1. e4 d6 2. d4 Nf6 3. Nc3 e5 4. dxe5 dxe5 5. Qxd8+ Kxd8 6. Nf3 Bd6 7. Bc4 Ke8 8. 0-0 a6 9. a4 Nc6 10. h3 Nb4 11. Bb3 h6 12. Be3 Ke7 13. Rfd1 Be6 14. Bxe6 Kxe6 15. Rd2 g5 16. g4 Nc6 17. Re2 Bb4 18. Bd2 Rad8 19. Nb1 Bc5 20. c3 Rd3 21. Kg2 a5 22. Na3 Bxa3 23. Rxa3 Rhd8 24. Be1 b6 25. Nd2 Nd7 26. Nc4 Nf8 27. f3 Ng6 28. Bg3 Nf4+ 29. Bxf4 exf4 30. Ra1 Ne5 31. Nxe5 Kxe5 32. Rae1 c5 33. h4 Rd1 34. Rxd1 Rxd1 35. hxg5 hxg5 36. Kf2 Ra1 37. Rd2 Rxa4 38. Rd5+ Ke6 39. Ke2 Ra2 40. Rd2 a4 41. Kd3 b5 42. Rc2 Kd6 43. Rh2 a3 44. Rh6+ Ke5 45. b3 Rf2 0-1

[Event "EU-chT U18 8th"]
[Site "Szeged"]
[Date "2008.06.16"]
[Round "3"]
[White "Endress, Anna"]
[Black "Woods, Connor"]
[Result "1-0"]
[WhiteElo "2038"]
[BlackElo "1881"]
[PlyCount "67"]
[EventDate "2008.06.14"]
[EventType "team-swiss"]
[EventRounds "7"]
[EventCountry "HUN"]
[SourceTitle "EXT 2020"]
[Source "ChessBase"]
[SourceDate "2019.10.17"]
[SourceVersion "1"]
[SourceVersionDate "2019.10.17"]
[SourceQuality "1"]
[WhiteTeam "Germany U18"]
[BlackTeam "Scotland U18"]
[WhiteTeamCountry "GER"]
[BlackTeamCountry "SCO"]

1. e4 c5 2. Nf3 Nc6 3. d4 cxd4 4. Nxd4 e5 5. Nb5 a6 6. Nd6+ Bxd6 7. Qxd6 Qf6 8. Qc7 Nge7 9. Nc3 Nb4 10. Bd3 d5 11. Bd2 0-0 12. Na4 Nxd3+ 13. cxd3 Qc6 14. Qxe7 Qxa4 15. Qxe5 dxe4 16. Bc3 f6 17. Qd5+ Kh8 18. dxe4 Re8 19. f3 Be6 20. Qa5 Qc4 21. Kf2 Rad8 22. Rhd1 Rd3 23. Rac1 Rxd1 24. Rxd1 b5 25. Rd8 Qc5+ 26. Bd4 Qc2+ 27. Kg3 Rxd8 28. Qxd8+ Bg8 29. Bxf6 Qc1 30. Bc3 b4 31. Be5 h5 32. Kh4 Qe1+ 33. Kxh5 Kh7 34. Qe7 1-0

[Event "SCO-ch 115th"]
[Site "Glasgow"]
[Date "2008.06.10"]
[Round "6"]
[White "Nickl, Klaus"]
[Black "Woods, Connor"]
[Result "1/2-1/2"]
[WhiteElo "2149"]
[BlackElo "1881"]
[PlyCount "89"]
[EventDate "2008.06.05"]
[EventType "swiss"]
[EventRounds "9"]
[EventCountry "SCO"]
[SourceTitle "EXT 2009"]
[Source "ChessBase"]
[SourceDate "2008.11.26"]
[SourceVersion "1"]
[SourceVersionDate "2008.11.26"]
[SourceQuality "1"]

1. d4 Nf6 2. Nf3 e6 3. e3 b6 4. Bd3 Bb7 5. Nbd2 c5 6. b3 Nc6 7. 0-0 Rc8 8. a3 g6 9. Bb2 Bg7 10. Re1 0-0 11. Rc1 d6 12. dxc5 bxc5 13. Qe2 Rc7 14. Red1 e5 15. Ba6 Bxa6 16. Qxa6 Qe7 17. Nc4 Ne8 18. Na5 Nb8 19. Qc4 Nd7 20. e4 Nb6 21. Qe2 f5 22. Nc4 fxe4 23. Nxb6 exf3 24. Qc4+ Kh8 25. Nd5 Qg5 26. g3 Rcf7 27. Bc3 Qf5 28. Ne3 Qh3 29. Qf1 Qe6 30. Qc4 Qh3 31. Qf1 Qh5 32. Nd5 Nf6 33. h3 Ne4 34. Kh2 Bh6 35. Rb1 Nf6 36. Nxf6 Rxf6 37. Rd5 Re8 38. Rbd1 Bf8 39. b4 cxb4 40. Bxb4 Ree6 41. Qa6 g5 42. Qc8 Re8 43. Qd7 Re7 44. Qc8 Re8 45. Qd7 1/2-1/2

[Event "SCO-ch 115th"]
[Site "Glasgow"]
[Date "2008.06.09"]
[Round "5"]
[White "Woods, Connor"]
[Black "MacGregor, Ian Ross"]
[Result "1-0"]
[WhiteElo "1881"]
[BlackElo "1750"]
[PlyCount "105"]
[EventDate "2008.06.05"]
[EventType "swiss"]
[EventRounds "9"]
[EventCountry "SCO"]
[SourceTitle "EXT 2009"]
[Source "ChessBase"]
[SourceDate "2008.11.26"]
[SourceVersion "1"]
[SourceVersionDate "2008.11.26"]
[SourceQuality "1"]

1. Nf3 e6 2. c4 Nf6 3. g3 b6 4. Bg2 Bb7 5. 0-0 c5 6. d4 cxd4 7. Qxd4 Nc6 8. Qd3 Be7 9. a3 0-0 10. Nc3 Rc8 11. e4 d6 12. Qe2 Na5 13. Nd2 Ba6 14. b3 d5 15. exd5 exd5 16. Rd1 dxc4 17. b4 Qd3 18. Qxe7 Qxc3 19. Rb1 Nb3 20. Bb2 Qc2 21. Nxb3 cxb3 22. Qxa7 Bd3 23. Qxb6 Rfe8 24. a4 Qc4 25. Rbc1 Bc2 26. Rd4 Qe2 27. Bf1 Qf3 28. Rf4 Nd5 29. Qd4 Qc3 30. Bxc3 Nxc3 31. Rg4 g6 32. Rf4 Re2 33. Rf3 b2 34. Rxc3 Rxc3 35. Qd8+ Kg7 36. Qd4+ Kf8 37. Qd8+ Re8 38. Qd6+ Kg8 39. Qd7 Rf8 40. Re1 b1Q 41. Rxb1 Bxb1 42. a5 Rc1 43. b5 Bf5 44. Qd2 Ra1 45. Kg2 Rc8 46. Be2 h5 47. b6 Rc2 48. Qd5 Rb1 49. Bd3 Rd2 50. Bxb1 Rxd5 51. Bxf5 Rb5 52. Bc8 Kf8 53. a6 1-0

[Event "SCO-ch 115th"]
[Site "Glasgow"]
[Date "2008.06.05"]
[Round "1"]
[White "MacRae, James"]
[Black "Woods, Connor"]
[Result "1-0"]
[WhiteElo "1763"]
[BlackElo "1881"]
[PlyCount "104"]
[EventDate "2008.06.05"]
[EventType "swiss"]
[EventRounds "9"]
[EventCountry "SCO"]
[SourceTitle "EXT 2009"]
[Source "ChessBase"]
[SourceDate "2008.11.26"]
[SourceVersion "1"]
[SourceVersionDate "2008.11.26"]
[SourceQuality "1"]

1. d4 Nf6 2. Nf3 c5 3. c3 cxd4 4. cxd4 b5 5. Bg5 e6 6. e3 a6 7. Bd3 Bb7 8. 0-0 Be7 9. Nbd2 0-0 10. Rc1 h6 11. Bh4 Nc6 12. a3 Rc8 13. Qe2 Qb6 14. Rc2 d6 15. Rfc1 Rfd8 16. h3 Nd5 17. Bxe7 Ncxe7 18. Rxc8 Rxc8 19. Rxc8+ Nxc8 20. Nb3 Nce7 21. Qc2 a5 22. Nbd2 Bc6 23. Ne4 Qb8 24. Nfd2 f5 25. Nc3 Nxc3 26. Qxc3 Qa8 27. Bf1 Nd5 28. Qd3 Nf6 29. f3 Kf7 30. Kf2 g5 31. g4 Qc8 32. Qc3 fxg4 33. hxg4 Qa8 34. Be2 h5 35. gxh5 Nd5 36. Qc2 Ne7 37. Qh7+ Kf6 38. Qh6+ Kf7 39. Qxg5 Qh8 40. f4 e5 41. dxe5 dxe5 42. fxe5 Ke8 43. h6 Qh7 44. Qf6 Kd8 45. Qe6 Kc7 46. Qd6+ Kb7 47. Bf3 Bxf3 48. Nxf3 Qc2+ 49. Qd2 Qh7 50. Qxa5 Qxh6 51. Qxb5+ Kc7 52. Qc5+ Kd7 1-0

[Event "Oban op"]
[Site "Oban"]
[Date "2007.12.01"]
[Round "3"]
[White "Woods, Connor"]
[Black "Hawthorne, Blair"]
[Result "1-0"]
[WhiteElo "1895"]
[BlackElo "1667"]
[PlyCount "43"]
[EventDate "2007.11.30"]
[EventType "swiss"]
[EventRounds "5"]
[EventCountry "SCO"]
[SourceTitle "EXT 2023"]
[Source "ChessBase"]
[SourceDate "2022.10.05"]
[SourceVersion "1"]
[SourceVersionDate "2022.10.05"]
[SourceQuality "1"]

1. e4 g6 2. d4 Bg7 3. Nc3 d6 4. Be3 a6 5. a4 Nc6 6. h3 e6 7. Qd2 Bd7 8. f4 Rb8 9. Nf3 Nb4 10. Bc4 Ne7 11. 0-0 Bc6 12. Ng5 d5 13. Bb3 h6 14. Nxf7 Kxf7 15. f5 exf5 16. exf5 g5 17. f6 Bxf6 18. Ne4 Kg7 19. Nxf6 a5 20. c3 Na6 21. Nh5+ Kg8 22. Bxg5 1-0

[Event "BCF-chT3 0708 (4NCL)"]
[Site "Sunningdale"]
[Date "2007.09.15"]
[Round "1"]
[White "Woods, Connor"]
[Black "Coates, David H"]
[Result "0-1"]
[WhiteElo "1872"]
[BlackElo "1969"]
[PlyCount "58"]
[EventDate "2007.09.15"]
[EventType "team-tourn"]
[EventRounds "11"]
[EventCountry "ENG"]
[SourceTitle "CBM 120 Extra"]
[Source "ChessBase"]
[SourceDate "2007.11.01"]
[SourceVersion "1"]
[SourceVersionDate "2007.11.01"]
[SourceQuality "1"]
[WhiteTeam "Slough Sharks III"]
[BlackTeam "Pandoras Box"]
[WhiteTeamCountry "ENG"]
[BlackTeamCountry "ENG"]

1. e4 c5 2. b4 cxb4 3. a3 d5 4. exd5 Qxd5 5. Nf3 e5 6. axb4 Bxb4 7. c3 Be7 8. Na3 Nc6 9. Nc4 Bg4 10. Ne3 Qd7 11. Nxg4 Qxg4 12. Ra4 Qc8 13. Bb5 a6 14. Bxc6+ Qxc6 15. Qb3 Nh6 16. d3 0-0 17. Bxh6 Qxh6 18. 0-0 b5 19. Re4 Bd6 20. Rfe1 Rac8 21. Rh4 Qf6 22. Ree4 Rfd8 23. d4 exd4 24. Nxd4 Be5 25. Qb1 Rxc3 26. Qe1 Rcc8 27. Nf3 Bb2 28. Rhf4 Qxf4 29. Rxf4 Rc1 0-1

[Event "EU-chT U18 7th"]
[Site "Subotica"]
[Date "2007.07.12"]
[Round "5"]
[White "Dimitrijevic, Radmilo"]
[Black "Woods, Connor"]
[Result "1-0"]
[WhiteElo "2044"]
[BlackElo "1872"]
[PlyCount "51"]
[EventDate "2007.07.08"]
[EventType "team-swiss"]
[EventRounds "7"]
[EventCountry "YUG"]
[SourceTitle "EXT 2020"]
[Source "ChessBase"]
[SourceDate "2019.10.17"]
[SourceVersion "1"]
[SourceVersionDate "2019.10.17"]
[SourceQuality "1"]
[WhiteTeam "Serbia U18 II"]
[BlackTeam "Scotland U18"]
[WhiteTeamCountry "SRB"]
[BlackTeamCountry "SCO"]

1. e4 c5 2. Nc3 Nc6 3. d3 g6 4. Be3 d6 5. g3 Bg7 6. Bg2 e5 7. f4 Nd4 8. h3 Ne7 9. Nf3 exf4 10. Bxf4 0-0 11. 0-0 Be6 12. Kh2 Nec6 13. Qd2 Rc8 14. Ng5 Nb4 15. a3 Nbxc2 16. Nxe6 fxe6 17. Rac1 Nxa3 18. bxa3 Nb3 19. Qa2 Nxc1 20. Qxe6+ Kh8 21. Rxc1 Qa5 22. Qb3 g5 23. Bxd6 Rf2 24. e5 Qa6 25. Ne4 Re2 26. Nxg5 1-0

[Event "EU-chT U18 7th"]
[Site "Subotica"]
[Date "2007.07.10"]
[Round "3"]
[White "Draskovic, Luka"]
[Black "Woods, Connor"]
[Result "1-0"]
[WhiteElo "1989"]
[BlackElo "1872"]
[PlyCount "78"]
[EventDate "2007.07.08"]
[EventType "team-swiss"]
[EventRounds "7"]
[EventCountry "YUG"]
[SourceTitle "EXT 2020"]
[Source "ChessBase"]
[SourceDate "2019.10.17"]
[SourceVersion "1"]
[SourceVersionDate "2019.10.17"]
[SourceQuality "1"]
[WhiteTeam "Montenegro U18"]
[BlackTeam "Scotland U18"]
[WhiteTeamCountry "MNE"]
[BlackTeamCountry "SCO"]

1. e4 c5 2. Nf3 Nc6 3. d4 cxd4 4. Nxd4 Nf6 5. Nc3 e5 6. Ndb5 d6 7. Bg5 a6 8. Na3 b5 9. Bxf6 gxf6 10. Nd5 f5 11. exf5 Bxf5 12. c3 Bg7 13. Nc2 0-0 14. Nce3 Be6 15. Bd3 f5 16. Qh5 e4 17. Bc2 Ne7 18. Bb3 Bf7 19. Nxe7+ Qxe7 20. Nxf5 Qf6 21. Bxf7+ Rxf7 22. g4 b4 23. Rc1 e3 24. fxe3 Qe6 25. 0-0 Raf8 26. Qg5 Rxf5 27. gxf5 Qe5 28. Qf4 Qf6 29. Kh1 Kh8 30. Rc2 bxc3 31. bxc3 Rc8 32. Qd4 Qf7 33. Qxd6 Qc4 34. Qf4 Qd3 35. Rg2 Rf8 36. Rfg1 Bxc3 37. f6 Qd5 38. e4 Qd4 39. f7 Ba1 1-0

[Event "Hawick op"]
[Site "Hawick"]
[Date "2007.06.24"]
[Round "5"]
[White "Woods, Connor"]
[Black "Brechin, Hugh R"]
[Result "1/2-1/2"]
[WhiteElo "1740"]
[BlackElo "1867"]
[PlyCount "56"]
[EventDate "2007.06.22"]
[EventType "swiss"]
[EventRounds "5"]
[EventCountry "SCO"]
[SourceTitle "EXT 2023"]
[Source "ChessBase"]
[SourceDate "2022.10.05"]
[SourceVersion "1"]
[SourceVersionDate "2022.10.05"]
[SourceQuality "1"]

1. e4 d5 2. exd5 Nf6 3. Nf3 Bg4 4. Be2 Nxd5 5. d4 e6 6. c4 Nf6 7. Nc3 Nc6 8. Be3 Bb4 9. 0-0 0-0 10. h3 Bh5 11. Rc1 Qe7 12. Qa4 Bxc3 13. bxc3 e5 14. d5 e4 15. Nd4 Nxd4 16. Bxh5 Nf3+ 17. Bxf3 exf3 18. gxf3 Nd7 19. Qc2 f5 20. f4 Qh4 21. Kg2 Rae8 22. Qd1 Rf6 23. Qf3 Rg6+ 24. Kh2 Nf6 25. Rg1 Ng4+ 26. Kh1 Rxe3 27. fxe3 Nf2+ 28. Kh2 Ng4+ 1/2-1/2